Observations on the production and germination of sporidia of Cronartium ribicola, (Record no. 9696)

MARC details
000 -LEADER
fixed length control field 01093cam a22002651 4500
001 - CONTROL NUMBER
control field agr35000745
003 - CONTROL NUMBER IDENTIFIER
control field DLC
005 - DATE AND TIME OF LATEST TRANSACTION
control field 20260227110954.0
008 - FIXED-LENGTH DATA ELEMENTS--GENERAL INFORMATION
fixed length control field 800319s1935 nyua b 000 0 eng
010 ## - LIBRARY OF CONGRESS CONTROL NUMBER
LC control number agr35000745
035 ## - SYSTEM CONTROL NUMBER
System control number (OCoLC)6106907
040 ## - CATALOGING SOURCE
Original cataloging agency DLC
Transcribing agency TxCM
Modifying agency DLC
042 ## - AUTHENTICATION CODE
Authentication code premarc
050 00 - LIBRARY OF CONGRESS CALL NUMBER
Classification number SB608.P65
Item number H49
100 1# - MAIN ENTRY--PERSONAL NAME
Personal name Hirt, Ray Roland,
Dates associated with a name 1893-
245 10 - TITLE STATEMENT
Title Observations on the production and germination of sporidia of Cronartium ribicola,
Statement of responsibility, etc. by Ray R. Hirt.
260 ## - PUBLICATION, DISTRIBUTION, ETC.
Place of publication, distribution, etc. Syracuse,
Name of publisher, distributor, etc. New York State College of Forestry at Syracuse,
Date of publication, distribution, etc. 1935.
300 ## - PHYSICAL DESCRIPTION
Extent 25 p.
Other physical details illus.
490 1# - SERIES STATEMENT
Series statement New York State College of Forestry at Syracuse University. Technical publication
Volume/sequential designation no. 46
490 0# - SERIES STATEMENT
Series statement Bulletin,
Volume/sequential designation v. VIII, no. 3
500 ## - GENERAL NOTE
General note Issued by the Dept. of Forest Botany and Pathology, New York State College of Forestry, in cooperation with the United States Dept. of Agriculture.
504 ## - BIBLIOGRAPHY, ETC. NOTE
Bibliography, etc. note "Literature cited:" p. 25.
650 #0 - SUBJECT ADDED ENTRY--TOPICAL TERM
Topical term or geographic name entry element Cronartium ribicola.
810 2# - SERIES ADDED ENTRY--CORPORATE NAME
Corporate name or jurisdiction name as entry element State University College of Forestry at Syracuse University.
Title of a work Technical publication ;
Volume/sequential designation no. 46.

No items available.

Powered by Koha